Các bài kinh về tục tang ma người Chăm Ahiêr
Khái quát đặc điểm cư trú, văn hoá, xã hội và tục tang ma của người Chăm ở Việt Nam cùng một số bài kinh được trình bày dưới dạng tóm lược
Gardado en:
| Autor Principal: | |
|---|---|
| Outros autores: | |
| Formato: | Libro |
| Idioma: | Vietnamese |
| Publicado: |
H.
Thời đại
2012
|
| Những chủ đề: | |
| Các nhãn: |
Engadir etiqueta
Sen Etiquetas, Sexa o primeiro en etiquetar este rexistro!
|
| Thư viện lưu trữ: | Mạng thư viện Đại học Đà Nẵng |
|---|
| LEADER | 01575aam a22004218a 4500 | ||
|---|---|---|---|
| 001 | 000018033 | ||
| 003 | 14460 | ||
| 005 | 20130826140857.0 | ||
| 008 | 130826s2012 viesd | ||
| 020 | |d 2000b | ||
| 041 | 0 | |a vie | |
| 082 | 1 | 4 | |2 14 |a 398.209597 |b SƯ-N |
| 100 | 1 | |a Sử Văn Ngọc | |
| 245 | 1 | 0 | |a Các bài kinh về tục tang ma người Chăm Ahiêr |c Sử Văn Ngọc, Sử Thị Gia Trang |
| 260 | |a H. |b Thời đại |c 2012 | ||
| 300 | |a 259 tr. |c 21 cm. | ||
| 500 | |a ĐTTS ghi: Hội Văn nghệ dân gian Việt Nam | ||
| 504 | |a Thư mục: tr. 256 | ||
| 520 | |a Khái quát đặc điểm cư trú, văn hoá, xã hội và tục tang ma của người Chăm ở Việt Nam cùng một số bài kinh được trình bày dưới dạng tóm lược | ||
| 650 | 0 | 4 | |a Phong tục tập quán |x Người Chăm Ahiêr |z Việt Nam |
| 650 | 7 | |2 Bộ TK TVQG | |
| 650 | 7 | |2 Bộ TK TVQG | |
| 650 | 7 | |2 Bộ TK TVQG | |
| 651 | 7 | |2 Bộ TK TVQG |a Việt Nam | |
| 653 | |a Bài kinh | ||
| 653 | |a Tục tang ma | ||
| 653 | |a Người Chăm Ahiêr | ||
| 700 | 1 | |a Sử Thị Gia Trang | |
| OWN | |a LSP | ||
| AVA | |a UDN50 |b LSP |d 398.209597 SƯ-N |e available |t Error 5001 Not defined in file expand_doc_bib_avail. |f 1 |g 0 |h N |i 0 |k 1 | ||
| 999 | |a From the UDN01 | ||
| AVA | |a UDN50 |b LSP |d 398.209597 SƯ-N |e available |t Error 5001 Not defined in file expand_doc_bib_avail. |f 1 |g 0 |h N |i 0 |k 1 | ||
| TYP | |a Monograph | ||
| TYP | |a Printed language | ||
| 980 | |a Mạng thư viện Đại học Đà Nẵng | ||